00992nam a2200241 i 4500001000300000245017600003246002800179260006500207300005800272500002600330500003000356650002100386650005600407700002600463700003000489700002700519020001500546040000800561041001700569080002500586008004100611856009800652bg00aDane do kontroli toksyczności spalin :bsamochody 1989-1995 /c[red. Ernst Wittner, Christoph Zürni ; tł. z niem. Wiesław Urbański, red. wyd. pol. Barbara Głuch]. iTyt. oryg.:aAbgaswerte aWarszawa :bWydawnictwa Komunikacji i Łączności,c1996. aCa 160 s., [1]k.złoż.luz. :brys., wykr. ;c23 cm. aOryg. : "Abgaswerte". aGłównie tabele. - Rez. 9aSpalinyxpomiary 9aSilniki spalinowexobsługa i eksploatacjaxhigiena1 aWITTNER, Ernst.eRed.1 aZÜRNI, Christoph.eRed.1 aGŁUCH, Barbara.eRed. a8320611784 cBPK1 aplbruhdede a629.3:621.43](083.5) s pl f |000 0 pol  uhttp://koha.tu.koszalin.pl/cgi-bin/koha/opac-detail.pl?biblionumber=32349yKatalog online BPK